000 00404nam a22001697a 4500
003 MACL
005 20151223145255.0
008 151223b xxu||||| |||| 00| 0 eng d
040 _cMACL
041 _aEnglish
082 _a610KUM
100 _aRajeev Kumar
_922463
245 _aA Self Guide To Acupressure
260 _aNoida
_bCalvin Publishing
_c2010
650 _amedical
_922464
942 _2ddc
_cBK
999 _c51695
_d51695